Development of data optimization methodology for non-destructive testing of concrete strength by the parameters of the electric response to impact excitation; IOP Conference Series: Materials Science and Engineering; Vol. 110 : Radiation-Thermal Effects and Processes in Inorganic Materials (RTEP2015)
| Parent link: | IOP Conference Series: Materials Science and Engineering Vol. 110 : Radiation-Thermal Effects and Processes in Inorganic Materials (RTEP2015).— 2016.— [012087, 6 p.] |
|---|---|
| Autor principal: | |
| Autor corporatiu: | , |
| Altres autors: | , |
| Sumari: | Title screen The paper presents the research results by the improvement of the non-destructive testing method of concrete strength by the parameters of the electric response to impact excitation. The electric response parameters from the set of identical concrete samples sized of 100x100x100 mm were studied. It is shown that the use of linear filtering procedure reduces the variance of diagnostic electric parameter for concrete strength determination and is in a good agreement with the elastic characteristics of the material. Режим доступа: по договору с организацией-держателем ресурса |
| Idioma: | anglès |
| Publicat: |
2016
|
| Matèries: | |
| Accés en línia: | http://dx.doi.org/10.1088/1757-899X/110/1/012087 http://earchive.tpu.ru/handle/11683/18096 |
| Format: | Electrònic Capítol de llibre |
| KOHA link: | https://koha.lib.tpu.ru/cgi-bin/koha/opac-detail.pl?biblionumber=647057 |
MARC
| LEADER | 00000nla2a2200000 4500 | ||
|---|---|---|---|
| 001 | 647057 | ||
| 005 | 20240130124119.0 | ||
| 035 | |a (RuTPU)RU\TPU\network\12194 | ||
| 035 | |a RU\TPU\network\12186 | ||
| 090 | |a 647057 | ||
| 100 | |a 20160324a2016 k y0engy50 ba | ||
| 101 | 0 | |a eng | |
| 105 | |a y z 100zy | ||
| 135 | |a drcn ---uucaa | ||
| 181 | 0 | |a i | |
| 182 | 0 | |a b | |
| 200 | 1 | |a Development of data optimization methodology for non-destructive testing of concrete strength by the parameters of the electric response to impact excitation |f T. V. Fursa, A. P. Surzhikov, M. V. Petrov | |
| 203 | |a Text |c electronic | ||
| 300 | |a Title screen | ||
| 320 | |a [References: 12 tit.] | ||
| 330 | |a The paper presents the research results by the improvement of the non-destructive testing method of concrete strength by the parameters of the electric response to impact excitation. The electric response parameters from the set of identical concrete samples sized of 100x100x100 mm were studied. It is shown that the use of linear filtering procedure reduces the variance of diagnostic electric parameter for concrete strength determination and is in a good agreement with the elastic characteristics of the material. | ||
| 333 | |a Режим доступа: по договору с организацией-держателем ресурса | ||
| 461 | 0 | |0 (RuTPU)RU\TPU\network\2008 |t IOP Conference Series: Materials Science and Engineering | |
| 463 | 0 | |0 (RuTPU)RU\TPU\network\11965 |t Vol. 110 : Radiation-Thermal Effects and Processes in Inorganic Materials (RTEP2015) |o International Scientific Conference, 31 August to 10 September 2015, Tomsk, Russia |o [proceedings] |v [012087, 6 p.] |d 2016 | |
| 610 | 1 | |a электронный ресурс | |
| 610 | 1 | |a труды учёных ТПУ | |
| 610 | 1 | |a оптимизация | |
| 610 | 1 | |a данные | |
| 610 | 1 | |a неразрушающий контроль | |
| 610 | 1 | |a прочность | |
| 610 | 1 | |a бетоны | |
| 610 | 1 | |a электрические отклики | |
| 610 | 1 | |a ударное возбуждение | |
| 700 | 1 | |a Fursa |b T. V. |c specialist in the field of non-destructive testing |c Leading researcher of Tomsk Polytechnic University, Doctor of technical sciences |f 1951- |g Tatyana Viktorovna |3 (RuTPU)RU\TPU\pers\32190 | |
| 701 | 1 | |a Surzhikov |b A. P. |c physicist |c Professor of Tomsk Polytechnic University, doctor of physical and mathematical sciences (DSc) |f 1951- |g Anatoly Petrovich |3 (RuTPU)RU\TPU\pers\30237 |9 14617 | |
| 701 | 1 | |a Petrov |b M. V. |c specialist in the field of non-destructive testing |c Associate Scientist of Tomsk Polytechnic University |f 1992- |g Maksim Vyacheslavovich |3 (RuTPU)RU\TPU\pers\36439 |9 19493 | |
| 712 | 0 | 2 | |a Национальный исследовательский Томский политехнический университет (ТПУ) |b Институт неразрушающего контроля (ИНК) |b Проблемная научно-исследовательская лаборатория электроники, диэлектриков и полупроводников (ПНИЛ ЭДиП) |3 (RuTPU)RU\TPU\col\19033 |
| 712 | 0 | 2 | |a Национальный исследовательский Томский политехнический университет (ТПУ) |b Институт неразрушающего контроля (ИНК) |b Кафедра физических методов и приборов контроля качества (ФМПК) |3 (RuTPU)RU\TPU\col\18709 |
| 801 | 2 | |a RU |b 63413507 |c 20161121 |g RCR | |
| 856 | 4 | |u http://dx.doi.org/10.1088/1757-899X/110/1/012087 | |
| 856 | 4 | 0 | |u http://earchive.tpu.ru/handle/11683/18096 |
| 942 | |c CF | ||